[Event "Regionalliga NW 9798"]
[Site "Bayern"]
[Date "1998.??.??"]
[Round "?.6"]
[White "Weber, Dietmar"]
[Black "Poppe, Heiko"]
[Result "0-1"]
[WhiteElo "1960"]
[BlackElo "1926"]
[PlyCount "68"]
[EventDate "1997.10.??"]
[EventType "team-tourn"]
[EventRounds "9"]
[EventCountry "GER"]
[SourceTitle "EXT 2020"]
[Source "ChessBase"]
[SourceDate "2019.10.17"]
[SourceVersion "1"]
[SourceVersionDate "2019.10.17"]
[SourceQuality "1"]
[WhiteTeam "Neustadt SV"]
[BlackTeam "Bad Neustadt"]
[WhiteTeamCountry "GER"]
[BlackTeamCountry "GER"]

1. d4 e6 2. e4 d5 3. Nd2 Nf6 4. e5 Nfd7 5. Bd3 c5 6. c3 Nc6 7. Ndf3 Qb6 8. Ne2 cxd4 9. cxd4 f6 10. exf6 Nxf6 11. 0-0 Bd6 12. Re1 0-0 13. Nc3 a6 14. Be3 Bd7 15. Na4 Qd8 16. Rc1 Nb4 17. Bb1 Rc8 18. Nc3 Qe8 19. a3 Nc6 20. Qd2 Ng4 21. h3 Rxf3 22. hxg4 Rf7 23. Qd3 g6 24. Ba2 Na7 25. Bg5 Qf8 26. Rc2 Bf4 27. Bxf4 Rxf4 28. f3 Qd6 29. Qe3 Rff8 30. Rf2 Qf4 31. Qd3 Rc7 32. Ne2 Qf6 33. f4 Bb5 34. Qe3 Rc2 0-1

[Event "Regionalliga NW 9798"]
[Site "Bayern"]
[Date "1998.??.??"]
[Round "?.6"]
[White "Zoeller, Bernd"]
[Black "Weber, Dietmar"]
[Result "1/2-1/2"]
[WhiteElo "1940"]
[BlackElo "1960"]
[PlyCount "54"]
[EventDate "1997.10.??"]
[EventType "team-tourn"]
[EventRounds "9"]
[EventCountry "GER"]
[SourceTitle "EXT 2020"]
[Source "ChessBase"]
[SourceDate "2019.10.17"]
[SourceVersion "1"]
[SourceVersionDate "2019.10.17"]
[SourceQuality "1"]
[WhiteTeam "Klingenberg"]
[BlackTeam "Neustadt SV"]
[WhiteTeamCountry "GER"]
[BlackTeamCountry "GER"]

1. e4 c5 2. Nc3 Nc6 3. g3 Nf6 4. Bg2 d6 5. d3 Bg4 6. f3 Be6 7. Be3 g6 8. Nge2 Bg7 9. Qd2 h5 10. h3 Qc8 11. Nf4 Bd7 12. h4 b5 13. Nxb5 Rb8 14. c4 Ne5 15. Nc3 Qb7 16. 0-0 Bc6 17. Rab1 e6 18. Qe2 0-0 19. Nh3 Nh7 20. Nf2 f5 21. f4 Ng4 22. Nxg4 fxg4 23. Kh2 Rf7 24. Qd2 Qb4 25. Qc2 Rfb7 26. Bd2 Qb6 27. b3 Qd8 1/2-1/2

[Event "Regionalliga NW 9798"]
[Site "Bayern"]
[Date "1997.??.??"]
[Round "?.6"]
[White "Herdin, Hans Ulrich"]
[Black "Weber, Dietmar"]
[Result "0-1"]
[WhiteElo "2060"]
[BlackElo "1960"]
[PlyCount "48"]
[EventDate "1997.10.??"]
[EventType "team-tourn"]
[EventRounds "9"]
[EventCountry "GER"]
[SourceTitle "EXT 2020"]
[Source "ChessBase"]
[SourceDate "2019.10.17"]
[SourceVersion "1"]
[SourceVersionDate "2019.10.17"]
[SourceQuality "1"]
[WhiteTeam "Kronach"]
[BlackTeam "Neustadt SV"]
[WhiteTeamCountry "GER"]
[BlackTeamCountry "GER"]

1. d4 d5 2. c4 c6 3. Nf3 Nf6 4. e3 Bg4 5. Nc3 e6 6. cxd5 exd5 7. Be2 Bd6 8. 0-0 Qc7 9. h3 h5 10. Re1 Nbd7 11. Rb1 0-0-0 12. b4 Bxf3 13. Bxf3 g5 14. b5 g4 15. bxc6 Qxc6 16. Nb5 Kb8 17. Qb3 Nb6 18. Nxd6 gxf3 19. Nxf7 Rdg8 20. Ne5 Rxg2+ 21. Kf1 Qe6 22. Nxf3 Qxh3 23. Ke2 Ne4 24. Rf1 Ng3+ 0-1